[Event "COL-chT 21st"]
[Site "Cartagena"]
[Date "2019.11.30"]
[Round "4.1"]
[White "Baquero, Yuri Paola"]
[Black "Finley Rosero, Karol Valentina"]
[Result "1-0"]
[WhiteElo "1755"]
[BlackElo "1576"]
[PlyCount "78"]
[EventDate "2019.11.30"]
[EventType "team-swiss"]
[EventRounds "9"]
[EventCountry "COL"]
[SourceTitle "CBM 195 Extra"]
[Source "ChessBase"]
[SourceDate "2020.05.31"]
[SourceVersion "1"]
[SourceVersionDate "2020.05.31"]
[SourceQuality "1"]
[WhiteTeam "Meta"]
[BlackTeam "Narino"]
[WhiteTeamCountry "COL"]
[BlackTeamCountry "COL"]

1. e4 e6 2. d4 d5 3. Bd3 b6 4. c3 Bb7 5. Nd2 c5 6. Ne2 c4 7. Bc2 Nf6 8. e5 Nfd7 9. 0-0 Be7 10. f4 Nc6 11. Nf3 h6 12. Be3 Qc7 13. f5 Nf8 14. Ng3 0-0-0 15. b3 b5 16. a4 a6 17. axb5 axb5 18. Nd2 h5 19. Nxh5 exf5 20. Bxf5+ Kb8 21. Nxg7 Nd7 22. bxc4 bxc4 23. Bxd7 Qxd7 24. Rxf7 Rhf8 25. Qf3 Rxf7 26. Qxf7 Rf8 27. Qe6 Qxe6 28. Nxe6 Rg8 29. Nf4 Bg5 30. Re1 Ne7 31. Ne6 Bxe3+ 32. Rxe3 Nf5 33. Rf3 Nh4 34. Rg3 Re8 35. Nc5 Bc6 36. e6 Nf5 37. Rf3 Nd6 38. g3 Kc7 39. Rf6 Ra8 1-0

[Event "COL-chT rapid (Women)"]
[Site "Cartagena"]
[Date "2019.11.29"]
[Round "7.3"]
[White "Florez Hernandez, Stefany Juliet"]
[Black "Baquero, Yuri Paola"]
[Result "0-1"]
[WhiteElo "1478"]
[BlackElo "1715"]
[PlyCount "116"]
[EventDate "2019.11.29"]
[EventType "team-swiss"]
[EventRounds "7"]
[EventCountry "COL"]
[SourceTitle "CBM 193 Extra"]
[Source "ChessBase"]
[SourceDate "2020.01.31"]
[SourceVersion "1"]
[SourceVersionDate "2020.01.31"]
[SourceQuality "1"]
[WhiteTeam "Norte de Santander (W)"]
[BlackTeam "Meta (W)"]
[WhiteTeamCountry "COL"]
[BlackTeamCountry "COL"]

1. d4 Nf6 2. e3 e6 3. Bd3 b6 4. f4 Bb7 5. Nf3 c5 6. c3 c4 7. Bxc4 d5 8. Bd3 Nc6 9. 0-0 Rc8 10. Nbd2 Ng4 11. Qe1 Be7 12. Ne5 Ncxe5 13. fxe5 Bh4 14. Qe2 h5 15. h3 Nf2 16. Rxf2 Bxf2+ 17. Qxf2 Qd7 18. Nf3 Bc6 19. Bd2 Bb5 20. Bxb5 Qxb5 21. b4 Qd3 22. Ne1 Qc4 23. a4 Qb3 24. Qf1 Rc4 25. Nf3 Qc2 26. Rc1 Qxa4 27. Ra1 Qd7 28. Ra6 0-0 29. Qa1 Ra8 30. Ne1 Qe7 31. Nc2 Rcc8 32. Na3 Qc7 33. Nb5 Qc4 34. Nd6 Qe2 35. Nxc8 Qxd2 36. Nxb6 Qxe3+ 37. Kh1 Rb8 38. Nd7 Rb7 39. Nc5 Re7 40. Nb3 Qf2 41. Na5 g5 42. Nc6 Re8 43. Qc1 g4 44. hxg4 hxg4 45. Rxa7 Qh4+ 46. Kg1 g3 47. Qe1 Qh2+ 48. Kf1 Qh1+ 49. Ke2 Qxg2+ 50. Kd1 Qf3+ 51. Qe2 Qxc3 52. Ra2 Qb3+ 53. Rc2 Ra8 54. Qg4+ Kf8 55. Kd2 Ra3 56. Qg5 Qd3+ 57. Kc1 Ra1+ 58. Kb2 Qa3# 0-1

[Event "COL-chT (Women)"]
[Site "Cartagena"]
[Date "2019.11.28"]
[Round "7.1"]
[White "Rivera, Ingris"]
[Black "Baquero, Yuri Paola"]
[Result "1-0"]
[WhiteElo "2220"]
[BlackElo "1814"]
[PlyCount "73"]
[EventDate "2019.11.24"]
[EventType "team-swiss"]
[EventRounds "7"]
[EventCountry "COL"]
[SourceTitle "CBM 193 Extra"]
[Source "ChessBase"]
[SourceDate "2020.01.31"]
[SourceVersion "1"]
[SourceVersionDate "2020.01.31"]
[SourceQuality "1"]
[WhiteTeam "Bolivar (W)"]
[BlackTeam "Meta (W)"]
[WhiteTeamCountry "COL"]
[BlackTeamCountry "COL"]

1. d4 Nf6 2. Nf3 e6 3. e3 b6 4. Bd3 Bb7 5. Nbd2 Be7 6. 0-0 h6 7. b3 d6 8. Bb2 Nbd7 9. e4 Nh5 10. Re1 Nf4 11. Bf1 0-0 12. a4 a5 13. Nc4 Re8 14. Qd2 Bg5 15. Nxg5 Qxg5 16. g3 Ng6 17. f4 Qd8 18. Bg2 d5 19. exd5 Bxd5 20. Ne5 Ndxe5 21. dxe5 Ne7 22. Rad1 c6 23. Qf2 Qc7 24. Bh3 c5 25. f5 exf5 26. Bxf5 Be6 27. Bd3 Red8 28. Qf4 Rd7 29. Qe4 Rad8 30. Qh7+ Kf8 31. Rb1 Rxd3 32. cxd3 Bxb3 33. e6 Bxe6 34. Qh8+ Ng8 35. Rxe6 fxe6 36. Rf1+ Ke8 37. Qxg8+ 1-0

[Event "COL-chT (Women)"]
[Site "Ibague"]
[Date "2018.10.12"]
[Round "4.1"]
[White "Rojas Castillo, Andrea Lizeth"]
[Black "Baquero, Yuri Paola"]
[Result "1/2-1/2"]
[WhiteElo "1689"]
[BlackElo "1808"]
[PlyCount "78"]
[EventDate "2018.10.11"]
[EventType "team-swiss"]
[EventRounds "6"]
[EventCountry "COL"]
[SourceTitle "CBM 186 Extra"]
[Source "ChessBase"]
[SourceDate "2018.08.24"]
[SourceVersion "1"]
[SourceVersionDate "2018.08.24"]
[SourceQuality "1"]
[WhiteTeam "Boyaca (W)"]
[BlackTeam "Meta (W)"]
[WhiteTeamCountry "COL"]
[BlackTeamCountry "COL"]

1. d4 Nf6 2. Bf4 g6 3. e3 Bg7 4. h3 d6 5. Nf3 0-0 6. c3 Bf5 7. Nbd2 c5 8. Be2 Nc6 9. 0-0 cxd4 10. exd4 Qb6 11. Qb3 Qxb3 12. Nxb3 Rfe8 13. Rfe1 Rac8 14. Rad1 Bc2 15. Rc1 Bxb3 16. axb3 Nh5 17. Bh2 Bh6 18. Ra1 Bf4 19. g3 Bh6 20. h4 Nf6 21. Kg2 Ng4 22. Bc4 a6 23. Re2 e6 24. Rae1 Na5 25. Bd3 Nxb3 26. Ng5 Bxg5 27. hxg5 Nxh2 28. Kxh2 Kg7 29. Kg2 h6 30. gxh6+ Kxh6 31. f4 d5 32. g4 Rc7 33. f5 Rce7 34. Re5 f6 35. Rxe6 Rxe6 36. Rxe6 Rxe6 37. fxe6 Kg7 38. e7 Kf7 39. Bxg6+ Kxe7 1/2-1/2

[Event "COL-ch sf (Women)"]
[Site "Medellin"]
[Date "2014.??.??"]
[Round "3"]
[White "Cruz, Adriana"]
[Black "Baquero, Yuri Paola"]
[Result "1-0"]
[WhiteElo "1747"]
[BlackElo "1800"]
[PlyCount "88"]
[EventDate "2014.04.15"]
[EventType "swiss"]
[EventRounds "9"]
[EventCountry "COL"]
[SourceTitle "CBM 160 Extra"]
[Source "ChessBase"]
[SourceDate "2014.07.01"]
[SourceVersion "1"]
[SourceVersionDate "2014.07.01"]
[SourceQuality "1"]

1. d4 Nf6 2. c4 e6 3. Nf3 Be7 4. Bf4 0-0 5. e3 a6 6. Bd3 c5 7. 0-0 Nc6 8. Nc3 d5 9. Rc1 dxc4 10. Bxc4 b5 11. Nxb5 axb5 12. Bxb5 Qb6 13. a4 Ba6 14. dxc5 Bxc5 15. Qc2 Nd7 16. Rfd1 Rfd8 17. Bxc6 Qxc6 18. b4 Bb7 19. bxc5 Nf6 20. Ne1 Rxd1 21. Qxd1 Nd5 22. Bg3 Rxa4 23. f3 h6 24. e4 Nf6 25. Qd6 Ra6 26. Qxc6 Rxc6 27. Nd3 Nd7 28. Bd6 Nf6 29. Nb4 Rc8 30. c6 Ba8 31. c7 Ne8 32. e5 f6 33. f4 Kf7 34. Nc6 Bxc6 35. Rxc6 fxe5 36. fxe5 Kg6 37. g4 Kg5 38. h3 Kf4 39. Kf2 Ke4 40. Ke2 Kd5 41. Rc5+ Kd4 42. h4 g6 43. Kd2 h5 44. gxh5 gxh5 1-0

[Event "COL-ch sf (Women)"]
[Site "Medellin"]
[Date "2014.??.??"]
[Round "9"]
[White "Loaiza, Yurani"]
[Black "Baquero, Yuri Paola"]
[Result "1-0"]
[WhiteElo "1957"]
[BlackElo "1800"]
[PlyCount "53"]
[EventDate "2014.04.15"]
[EventType "swiss"]
[EventRounds "9"]
[EventCountry "COL"]
[SourceTitle "CBM 160 Extra"]
[Source "ChessBase"]
[SourceDate "2014.07.01"]
[SourceVersion "1"]
[SourceVersionDate "2014.07.01"]
[SourceQuality "1"]

1. e4 e6 2. d4 d5 3. e5 c5 4. c3 Nc6 5. Nf3 Qb6 6. a3 Nge7 7. b4 cxd4 8. cxd4 a6 9. Bd3 Bd7 10. Be3 Na7 11. Nc3 Bb5 12. 0-0 Nec6 13. Rc1 Be7 14. Re1 Rc8 15. Bb1 Qd8 16. Qd2 h6 17. Qd1 Bc4 18. Nd2 b5 19. Qg4 Bf8 20. f4 h5 21. Qg3 Ne7 22. f5 exf5 23. Bg5 Qd7 24. Bxe7 Qxe7 25. Bxf5 Rc6 26. e6 fxe6 27. Bg6+ 1-0

[Event "Pamplona Sub zt 2.3 (Women)"]
[Site "Pamplona"]
[Date "2012.11.09"]
[Round "8"]
[White "Perez, Laura"]
[Black "Baquero, Yuri Paola"]
[Result "1/2-1/2"]
[WhiteElo "2042"]
[BlackElo "1780"]
[PlyCount "182"]
[EventDate "2012.11.05"]
[EventType "swiss"]
[EventRounds "9"]
[EventCountry "COL"]
[SourceTitle "EXT 2013"]
[Source "ChessBase"]
[SourceDate "2012.11.22"]
[SourceVersion "1"]
[SourceVersionDate "2012.11.22"]
[SourceQuality "1"]

1. d4 d5 2. Nf3 Nc6 3. Bf4 Bg4 4. e3 e6 5. Nbd2 Bd6 6. Bg3 Nf6 7. Be2 0-0 8. c4 Bb4 9. 0-0 Bxf3 10. Nxf3 Bd6 11. Bh4 Be7 12. Rc1 dxc4 13. Bxc4 Nd5 14. Bg3 Bf6 15. a3 Nde7 16. Qc2 h6 17. Bd3 Rc8 18. Rfd1 a6 19. b4 Ra8 20. Nd2 h5 21. Ne4 Nd5 22. Nxf6+ Qxf6 23. Qe2 g6 24. h4 Rfc8 25. Qd2 Qe7 26. Rc5 Nd8 27. e4 b6 28. Rcc1 Nf6 29. Qg5 Kf8 30. Qh6+ Ke8 31. d5 Ng4 32. Qh8+ Qf8 33. Qxf8+ Kxf8 34. Bxc7 b5 35. Be2 Nf6 36. Bf3 exd5 37. exd5 Ke8 38. d6 Ra7 39. Re1+ Ne6 40. Bc6+ Nd7 41. Bb6 Rxc6 42. Rxc6 Nxb6 43. Rxb6 Kd7 44. f3 a5 45. g4 axb4 46. axb4 Ra3 47. Kg2 Rb3 48. Rxb5 Kxd6 49. gxh5 Nf4+ 50. Kh2 Rb2+ 51. Kh1 Nxh5 52. Rd1+ Ke6 53. Ra1 Ng3+ 54. Kg1 Nf5 55. Ra6+ Ke7 56. Rb7+ Kf8 57. Ra8+ Kg7 58. Raa7 Nxh4 59. Rxf7+ Kh6 60. Rh7+ Kg5 61. Ra5+ Nf5 62. b5 Kf4 63. Ra4+ Kg5 64. Rg4+ Kf6 65. Rb7 Rb1+ 66. Kf2 Rb2+ 67. Ke1 Rb1+ 68. Kd2 Rb2+ 69. Kc3 Rf2 70. f4 Rf3+ 71. Kb4 Ne7 72. Kc4 Kf5 73. Rh4 Nc8 74. Kb4 Nd6 75. Rd7 Nc8 76. Rd5+ Kf6 77. Rc5 Ne7 78. b6 Rf1 79. Kb5 Rb1+ 80. Ka6 Nf5 81. Rc6+ Kg7 82. b7 Nxh4 83. Ka7 Ra1+ 84. Ra6 Rb1 85. Rb6 Ra1+ 86. Kb8 Rc1 87. Ra6 Rb1 88. Kc7 Rxb7+ 89. Kxb7 Ng2 90. Kc6 Nxf4 91. Kd6 Kf6 1/2-1/2

[Event "Pamplona Sub zt 2.3 (Women)"]
[Site "Pamplona"]
[Date "2012.11.05"]
[Round "2"]
[White "Carrasco, Jessica Paola"]
[Black "Baquero, Yuri Paola"]
[Result "0-1"]
[WhiteElo "1592"]
[BlackElo "1780"]
[PlyCount "70"]
[EventDate "2012.11.05"]
[EventType "swiss"]
[EventRounds "9"]
[EventCountry "COL"]
[SourceTitle "EXT 2013"]
[Source "ChessBase"]
[SourceDate "2012.11.22"]
[SourceVersion "1"]
[SourceVersionDate "2012.11.22"]
[SourceQuality "1"]

1. e4 e6 2. Bd3 d5 3. f3 Nf6 4. Nh3 c5 5. c4 dxe4 6. fxe4 Qxd3 7. Nf2 Qxc4 8. d3 Qb4+ 9. Qd2 Qxd2+ 10. Bxd2 Nc6 11. Bg5 Be7 12. 0-0 0-0 13. Re1 Nd4 14. Na3 h6 15. Bxf6 Bxf6 16. e5 Bh4 17. g3 Nf3+ 18. Kf1 Nxe1 19. Rxe1 Bd8 20. Ne4 b6 21. Nc4 Ba6 22. b3 Bxc4 23. bxc4 Bc7 24. Nd6 Bxd6 25. exd6 Rfd8 26. d4 cxd4 27. Rd1 Rxd6 28. Ke2 d3+ 29. Rxd3 Rxd3 30. Kxd3 Rd8+ 31. Kc3 e5 32. a4 e4 33. Kb4 e3 34. a5 e2 35. Kb5 e1Q 0-1

[Event "American Continental 08th"]
[Site "Mar del Plata"]
[Date "2012.10.13"]
[Round "2"]
[White "Baquero, Yuri Paola"]
[Black "Teixeira, Ricardo da Silva"]
[Result "0-1"]
[WhiteElo "1780"]
[BlackElo "2276"]
[PlyCount "96"]
[EventDate "2012.10.12"]
[EventType "swiss"]
[EventRounds "11"]
[EventCountry "ARG"]
[SourceTitle "EXT 2013"]
[Source "ChessBase"]
[SourceDate "2012.11.22"]
[SourceVersion "1"]
[SourceVersionDate "2012.11.22"]
[SourceQuality "1"]

1. d4 e6 2. c4 f5 3. g3 Nf6 4. Bg2 Be7 5. Nf3 0-0 6. 0-0 d6 7. Nc3 Ne4 8. Qc2 Nxc3 9. Qxc3 a5 10. Be3 Bf6 11. Qd2 Nd7 12. Bg5 Qe8 13. Rfe1 h6 14. Bxf6 Nxf6 15. Qc2 e5 16. d5 b6 17. e3 Qh5 18. h4 g5 19. Qd1 Bd7 20. Rc1 Rae8 21. b3 Re7 22. hxg5 hxg5 23. Nd2 Ng4 24. Nf1 Rh7 25. f3 Nf6 26. Kf2 e4 27. Nd2 exf3 28. Qxf3 Ne4+ 29. Ke2 Nxg3+ 30. Kd3 Qxf3 31. Nxf3 Ne4 32. Kc2 Kg7 33. Rh1 Rfh8 34. Rxh7+ Rxh7 35. Rh1 Rxh1 36. Bxh1 Kf6 37. Nd4 Ng3 38. Bg2 g4 39. Kd2 Ke5 40. Ne2 Nxe2 41. Kxe2 f4 42. exf4+ Kxf4 43. Kf2 Bf5 44. a3 Bc2 45. b4 axb4 46. axb4 Bd3 47. Bf1 Bxf1 48. Kxf1 Ke3 0-1

[Event "Bogota Semana Santa op"]
[Site "Bogota"]
[Date "2012.04.05"]
[Round "4"]
[White "Abril Guiza, Mauricio"]
[Black "Baquero, Yuri Paola"]
[Result "1-0"]
[WhiteElo "1976"]
[BlackElo "1757"]
[PlyCount "83"]
[EventDate "2012.04.04"]
[EventType "swiss"]
[EventRounds "9"]
[EventCountry "COL"]
[SourceTitle "CBM 147 Extra"]
[Source "ChessBase"]
[SourceDate "2012.04.24"]
[SourceVersion "1"]
[SourceVersionDate "2012.04.24"]
[SourceQuality "1"]

1. Nf3 d5 2. g3 Nf6 3. Bg2 e6 4. c4 c6 5. 0-0 Nbd7 6. b3 Bd6 7. Bb2 b6 8. d3 e5 9. d4 e4 10. Ne5 Qc7 11. cxd5 cxd5 12. Nc3 a6 13. Rc1 Qb7 14. Na4 0-0 15. Qc2 Re8 16. Qc6 Qxc6 17. Rxc6 Bxe5 18. dxe5 Ng4 19. Rfc1 b5 20. Nc3 Ndxe5 21. Rc7 Be6 22. Nd1 Ng6 23. h3 Nh6 24. h4 Rec8 25. Ne3 Rxc7 26. Rxc7 b4 27. Nc2 a5 28. Nd4 Nf8 29. f3 exf3 30. Bxf3 Ra6 31. Kf2 Ng4+ 32. Ke1 Ne3 33. Nxe6 Nxe6 34. Rc8+ Nf8 35. Bd4 Nf5 36. Bc5 h6 37. Rxf8+ Kh7 38. Rxf7 Nxg3 39. Bd4 Rg6 40. Bxd5 Kh8 41. Rf8+ Kh7 42. Bg8+ 1-0

[Event "Bucaramanga Juegos Uni (Women)"]
[Site "Bucaramanga"]
[Date "2010.10.23"]
[Round "4.1"]
[White "Torres, Lida Patricia"]
[Black "Baquero, Yuri Paola"]
[Result "1/2-1/2"]
[WhiteElo "1746"]
[BlackElo "1734"]
[PlyCount "46"]
[EventDate "2010.10.22"]
[EventType "swiss"]
[EventRounds "7"]
[EventCountry "COL"]
[SourceTitle "EXT 2024"]
[Source "ChessBase"]
[SourceDate "2023.10.10"]
[SourceVersion "1"]
[SourceVersionDate "2023.10.10"]
[SourceQuality "1"]

1. e4 e6 2. d4 d5 3. Nc3 Bb4 4. e5 c5 5. Nf3 Ne7 6. a3 Bxc3+ 7. bxc3 Nbc6 8. Rb1 c4 9. g3 0-0 10. Bg2 f6 11. Qe2 fxe5 12. Nxe5 Nxe5 13. Qxe5 Ng6 14. Qe2 b6 15. 0-0 Qf6 16. f4 Bd7 17. f5 Ne7 18. fxe6 Qxe6 19. Qxe6+ Bxe6 20. Bg5 Ng6 21. Rbe1 Rxf1+ 22. Rxf1 h6 23. Bd2 Bf7 1/2-1/2

[Event "Bucaramanga Juegos Uni (Women)"]
[Site "Bucaramanga"]
[Date "2010.10.22"]
[Round "1.1"]
[White "Baquero, Yuri Paola"]
[Black "Pulido, Leydy"]
[Result "1-0"]
[WhiteElo "1734"]
[BlackElo "2146"]
[PlyCount "25"]
[EventDate "2010.10.22"]
[EventType "swiss"]
[EventRounds "7"]
[EventCountry "COL"]
[SourceTitle "EXT 2024"]
[Source "ChessBase"]
[SourceDate "2023.10.10"]
[SourceVersion "1"]
[SourceVersionDate "2023.10.10"]
[SourceQuality "1"]

1. d4 Nf6 2. Nf3 g6 3. g3 Bg7 4. Bg2 d6 5. 0-0 0-0 6. Re1 Nbd7 7. e4 e5 8. c3 Qe7 9. Qc2 Re8 10. Nbd2 Nb6 11. b3 Bg4 12. Ba3 Qd7 13. Rac1 1-0

[Event "Armenia Nal Colegial B (Women)"]
[Site "Armenia"]
[Date "2008.10.01"]
[Round "5.3"]
[White "Baquero, Yuri Paola"]
[Black "Granada, Angie"]
[Result "0-1"]
[WhiteElo "1667"]
[BlackElo "1924"]
[PlyCount "49"]
[EventDate "2008.10.01"]
[EventType "swiss"]
[EventRounds "5"]
[EventCountry "COL"]
[SourceTitle "EXT 2024"]
[Source "ChessBase"]
[SourceDate "2023.10.10"]
[SourceVersion "1"]
[SourceVersionDate "2023.10.10"]
[SourceQuality "1"]

1. e4 c5 2. Nf3 d6 3. d3 Nc6 4. g3 g6 5. Bg2 Bg7 6. 0-0 e6 7. c3 Nge7 8. Be3 0-0 9. Re1 Qc7 10. Nbd2 Bd7 11. Rc1 b5 12. h4 Rfc8 13. Nf1 a5 14. a3 b4 15. Qd2 bxc3 16. bxc3 Rab8 17. N1h2 e5 18. Bh6 Qd8 19. Bxg7 Kxg7 20. Rb1 Rb6 21. Rb2 Rxb2 22. Qxb2 Rb8 23. Qc2 Qb6 24. Ra1 Qb3 25. Qd2 0-1